000 00308nam a22001217a 4500
020 _aNA
082 _222
_a324.70973
100 _aKobrak, peter,
245 _aCozy Politics /
260 _alyana Ricnner publish line
_blyana Ricnner publish line
_cc 2002.
300 _aXi; 273 p, ;
_bNA
_c24cm.
942 _2ddc
_cF
999 _c3458
_d3458